| 000 | 00486nam a2200181Ia 4500 | ||
|---|---|---|---|
| 008 | 230711s9999||||xx |||||||||||||| ||und|| | ||
| 020 | _a978-1-25-900557-2 | ||
| 041 | _aENG | ||
| 082 |
_a621.319 _bDU-E |
||
| 100 | _aDugan,Roger C | ||
| 245 | 0 | _aElectrical power systems quality | |
| 250 | _a3rd Ed. | ||
| 260 |
_c2012 _aNew Delhi _bMcGraw Hill Education(India) Private Limited |
||
| 300 | _a558p. | ||
| 650 | _aElectrical Engineering | ||
| 700 | _aMcGranagham,Mark F | ||
| 942 | _cBK | ||
| 999 |
_c6273 _d6273 |
||